[Event "Quebec-ch Intercoll"]
[Site "Longueuil"]
[Date "1994.04.03"]
[Round "5"]
[White "McMullen, Patrick"]
[Black "Poirier, Louis"]
[Result "0-1"]
[WhiteElo "1414"]
[BlackElo "1547"]
[PlyCount "96"]
[EventDate "1994.04.01"]
[EventType "swiss"]
[EventRounds "6"]
[EventCountry "CAN"]
[SourceTitle "EXT 2022"]
[Source "ChessBase"]
[SourceDate "2021.10.06"]
[SourceVersion "1"]
[SourceVersionDate "2021.10.06"]
[SourceQuality "1"]

1. e4 c5 2. Nf3 d6 3. d4 cxd4 4. Nxd4 Nf6 5. Bd3 Nc6 6. c3 a6 7. 0-0 e5 8. Nf3 Be7 9. Bg5 0-0 10. Qc2 Nh5 11. Bxe7 Qxe7 12. Nbd2 Nf4 13. Rad1 Bg4 14. h3 Bh5 15. Kh2 Rac8 16. Rfe1 Nb4 17. cxb4 Rxc2 18. Bxc2 Rc8 19. Bb1 h6 20. g3 Ne6 21. a3 Qf6 22. Re3 Nd4 23. g4 Bg6 24. Kg2 Ne6 25. Ba2 Nf4+ 26. Kg3 b5 27. Bb3 h5 28. Ng1 h4+ 29. Kh2 Ne6 30. Rf3 Qe7 31. Ne2 Nf4 32. Nc3 Qa7 33. Nf1 Rxc3 34. bxc3 Bxe4 35. Re3 Ba8 36. Rxd6 Bg2 37. Rd8+ Kh7 38. Bc2+ g6 39. Rd1 Bxh3 40. g5 Bxf1 41. Rxf1 Qd7 42. Rd1 Qg4 43. Rg1 Qd7 44. Rd1 Qe7 45. Rg1 Ne6 46. Rxe5 Qd6 47. Rge1 Nxg5 48. Kg2 h3+ 0-1